Physics for poets /

Λεπτομέρειες βιβλιογραφικής εγγραφής
Κύριος συγγραφέας: March, Robert H., 1937- (συγγραφέας)
Μορφή: Βιβλίο
Γλώσσα:English
Έκδοση: Boston : McGraw-Hill, c2003.
Έκδοση:5η έκδ.
Θέματα:
LEADER 01006nam a2200265 u 4500
001 10048024
003 upatras
005 20250509105201.0
008 030917s2003 maua 1 eng d
020 |a 0071198539 
040 |a GR-PaULI  |b gre  |c GR-PaULI  |e AACR2 
041 0 |a eng 
082 0 4 |2 23  |a 530 
100 1 |a March, Robert H.,  |d 1937-  |e συγγραφέας  |9 25267 
245 1 0 |a Physics for poets /  |c Robert H. March. 
250 |a 5η έκδ. 
260 |a Boston :  |b McGraw-Hill,  |c c2003. 
300 |a xvi, 288 σ. :  |b εικ. ;  |c 23 εκ. 
504 |a Περιλαμβάνει βιβλιογραφικές παραπομπές και ευρετήριο. 
650 4 |9 2689  |a Φυσική 
852 |a GR-PaULI  |b ΠΑΤΡΑ  |b ΠΤΔΕ  |k ΑΣΧΞ  |h 530 MAR  |m 8196  |p 025000037414  |t 1 
942 |2 ddc  |c BK 
952 |0 0  |1 0  |4 0  |6 530_000000000000000_MAR  |7 0  |9 38702  |a PTDE  |b PTDE  |d 2016-04-24  |i 8196  |l 0  |o 530 MAR  |p 025000037414  |r 2016-04-24 00:00:00  |t 1  |w 2016-04-24  |y BK15 
998 |c ΤΣΕΝΕ  |d 2003-09 
999 |c 24833  |d 24833